Phoenix Suns NBA Finals Starters - Statistics

General Stats
  • This quiz has been taken 305 times
    269 since last reset
  • The average score is 8 of 15
Answer Stats
Finals Players % Correct
2021 Devin Booker
99%
2021 Chris Paul
96%
2021 Deandre Ayton
93%
1993 Charles Barkley
92%
1993 Kevin Johnson
78%
2021 Mikal Bridges
74%
2021 Jae Crowder
69%
1993 Dan Majerle
49%
1993 Mark West
39%
1976 Paul Westphal
35%
1976 Alvan Adams
27%
1993 Richard Dumas
15%
1976 Gar Heard
10%
1976 Ricky Sobers
4%
1976 Curtis Perry
3%
No matching quizzes found
Score Distribution
Percent of People with Each Score
Percentile by Number Answered
Your Score History
You have not taken this quiz since the last reset